[Event "19. Torneo San Viator"]
[Site "Madrid ESP"]
[Date "2012.09.30"]
[Round "2.4"]
[White "Navarro Gonzalez, Jaime"]
[Black "Cabanas Bravo, Juan Andres"]
[Result "0-1"]
[WhiteElo "1769"]
[BlackElo "2070"]
[PlyCount "66"]
[EventDate "2012.09.23"]
[EventType "swiss"]
[EventRounds "9"]
[EventCountry "ESP"]
[Source "lmi"]
[SourceDate "2012.09.23"]

1. e4 d5 2. exd5 Nf6 3. d4 Bg4 4. Be2 Bxe2 5. Nxe2 Qxd5 6. O-O Nc6 7. b3 O-O-O
8. c4 Qf5 9. a3 h5 10. b4 e5 11. d5 h4 12. h3 Kb8 13. Be3 Ne7 14. Qa4 Nc8 15.
Nbc3 Rd6 16. c5 Ra6 17. Qb3 Nh5 18. c6 Nf4 19. Nxf4 exf4 20. b5 Ra5 21. Bd2 f3
22. Nd1 fxg2 23. Kxg2 Qe4+ 24. Kg1 Ra4 25. Nc3 Qg6+ 26. Kh1 Rd4 27. Be3 Rd3 28.
cxb7 Nb6 29. a4 Qf5 30. Kg2 Rh6 31. Rh1 Rg6+ 32. Kf1 Rxe3 33. Qb2 Qf3 0-1

[Event "19. Torneo San Viator"]
[Site "Madrid ESP"]
[Date "2012.09.30"]
[Round "2.5"]
[White "Lopez De Turiso, Jose Angel"]
[Black "Sanchez Rodenas, Antonio"]
[Result "1-0"]
[WhiteElo "2046"]
[BlackElo "1756"]
[PlyCount "77"]
[EventDate "2012.09.23"]
[EventType "swiss"]
[EventRounds "9"]
[EventCountry "ESP"]
[Source "lmi"]
[SourceDate "2012.09.23"]

1. Nf3 Nf6 2. c4 c5 3. Nc3 Nc6 4. d4 cxd4 5. Nxd4 e6 6. Ndb5 Bb4 7. a3 Bxc3+ 8.
Nxc3 d5 9. cxd5 exd5 10. Bg5 Be6 11. e3 d4 12. Ne4 Qa5+ 13. b4 Qe5 14. Nxf6+
gxf6 15. Bf4 Qd5 16. Rc1 dxe3 17. Bxe3 O-O 18. Qxd5 Bxd5 19. f3 Rfe8 20. Kf2
Rac8 21. Be2 a6 22. Rc5 Ne7 23. Rd1 Rxc5 24. Bxc5 Bc6 25. Rd6 Kg7 26. Bd4 Ng8
27. Bxa6 Re6 28. Rxe6 fxe6 29. Bc4 Kf7 30. b5 Bd7 31. Bc5 Ne7 32. Ke3 Nd5+ 33.
Kd4 b6 34. Bd6 Ne7 35. Bc7 Nc8 36. a4 Ke7 37. a5 bxa5 38. Kc5 a4 39. b6 1-0

[Event "19. Torneo San Viator"]
[Site "Madrid ESP"]
[Date "2012.09.30"]
[Round "2.6"]
[White "Cazorla Munoz, Francisco"]
[Black "Cano Cabanillas, Javier"]
[Result "0-1"]
[WhiteElo "1764"]
[BlackElo "2027"]
[PlyCount "152"]
[EventDate "2012.09.23"]
[EventType "swiss"]
[EventRounds "9"]
[EventCountry "ESP"]
[Source "lmi"]
[SourceDate "2012.09.23"]

1. e4 e6 2. d4 d5 3. e5 c5 4. Nf3 Nc6 5. c3 Qb6 6. a4 cxd4 7. Bb5 dxc3 8. Nxc3
Bb4 9. O-O a6 10. Be3 Qc7 11. Bxc6+ bxc6 12. Rc1 Ne7 13. Na2 Ba5 14. Bc5 Bb7
15. Qe2 Bb6 16. Bd6 Qd7 17. b4 Nf5 18. Bc5 Bxc5 19. Rxc5 O-O 20. a5 Rad8 21. g4
Ne7 22. Nd4 f6 23. h3 Ng6 24. exf6 Rxf6 25. g5 Nf4 26. Qg4 Rff8 27. Nc1 e5 28.
Qxd7 Rxd7 29. Nxc6 Nxh3+ 30. Kg2 Nxf2 31. Rg1 Ne4 32. Nxe5 Nxc5 33. bxc5 Re7
34. Ncd3 Rc8 35. Rb1 Bc6 36. Rb6 Bb5 37. Rd6 Bxd3 38. Nxd3 Re2+ 39. Kg1 d4 40.
Rxd4 Ra2 41. Rd6 Rxa5 42. Kf2 Raxc5 43. Nxc5 Rxc5 44. g6 hxg6 45. Rxg6 Ra5 46.
Ke3 Kh7 47. Rc6 Ra4 48. Kf3 g6 49. Kg3 Kh6 50. Rd6 a5 51. Rc6 Kh5 52. Rc5+ g5
53. Kh3 Ra3+ 54. Kg2 Kh4 55. Rc1 a4 56. Rh1+ Kg4 57. Rc1 Ra2+ 58. Kf1 Kg3 59.
Rc3+ Kh2 60. Rc4 Rg2 61. Rxa4 g4 62. Ra7 Rg1+ 63. Ke2 g3 64. Rh7+ Kg2 65. Rf7
Rh1 66. Rf6 Rh8 67. Rf7 Re8+ 68. Kd2 Kg1 69. Rf6 g2 70. Rh6 Re5 71. Rh7 Kf2 72.
Rf7+ Kg3 73. Rg7+ Kf3 74. Rf7+ Kg4 75. Ra7 Kf3 76. Ra3+ Kf2 0-1

[Event "19. Torneo San Viator"]
[Site "Madrid ESP"]
[Date "2012.09.30"]
[Round "2.7"]
[White "Rodriguez Sanchez, Roberto"]
[Black "Sahuquillo Cruz, Alejandro"]
[Result "1-0"]
[WhiteElo "1953"]
[BlackElo "1730"]
[PlyCount "63"]
[EventDate "2012.09.23"]
[EventType "swiss"]
[EventRounds "9"]
[EventCountry "ESP"]
[Source "lmi"]
[SourceDate "2012.09.23"]

1. d4 e6 2. Nf3 d5 3. g3 Be7 4. Bg2 Nf6 5. O-O c5 6. dxc5 Bxc5 7. c4 O-O 8.
cxd5 Nxd5 9. e4 Ne7 10. Qc2 b6 11. Rd1 Nd7 12. a3 a5 13. Nc3 Ba6 14. Ne5 Ra7
15. b4 axb4 16. axb4 Bxb4 17. Rxa6 Rxa6 18. Nxd7 Re8 19. Nf6+ gxf6 20. Rxd8
Rxd8 21. Qb3 Ba5 22. h4 Raa8 23. Bh3 Rd3 24. Qa4 Rxc3 25. e5 Rac8 26. Qg4+ Ng6
27. h5 R8c4 28. f4 f5 29. Qg5 Bb4 30. hxg6 hxg6 31. Qd8+ Kh7 32. Qf6 1-0

[Event "19. Torneo San Viator"]
[Site "Madrid ESP"]
[Date "2012.09.30"]
[Round "2.8"]
[White "Del Castillo Lopez, Rafael"]
[Black "Morona Minguez, Irene"]
[Result "0-1"]
[WhiteElo "1729"]
[BlackElo "1952"]
[PlyCount "130"]
[EventDate "2012.09.23"]
[EventType "swiss"]
[EventRounds "9"]
[EventCountry "ESP"]
[Source "lmi"]
[SourceDate "2012.09.23"]

1. Nf3 Nf6 2. c4 g6 3. d4 Bg7 4. Nc3 O-O 5. e4 d6 6. Bd3 c5 7. d5 Na6 8. a3 Nc7
9. O-O Rb8 10. Rb1 Bg4 11. h3 Bd7 12. Nh2 b5 13. f4 b4 14. axb4 Rxb4 15. e5
Nfe8 16. Nf3 Qb8 17. Qc2 Na6 18. Bd2 Rb6 19. Ne2 Nb4 20. Bxb4 Rxb4 21. b3 dxe5
22. Nxe5 Bxe5 23. fxe5 Qxe5 24. Nc3 Nd6 25. Rbe1 Qg5 26. Rf3 Bf5 27. Na4 Rc8
28. Qc3 Rb7 29. Ree3 Bxd3 30. Qxd3 Nf5 31. Re1 Nd4 32. Rg3 Qf6 33. Rf1 Qd6 34.
b4 Rxb4 35. Nc3 Rb3 36. Re3 a5 37. Qd1 Rb4 38. Nb5 Nxb5 39. cxb5 Rxb5 40. Rfe1
Rb7 41. Qe2 a4 42. Rxe7 Rxe7 43. Qxe7 Qxe7 44. Rxe7 Rd8 45. Ra7 Rxd5 46. Rxa4
Kg7 47. Rc4 Kf6 48. Kf2 Re5 49. g4 Ke6 50. Kf3 Kd5 51. Rf4 f5 52. Ra4 fxg4+ 53.
hxg4 Re7 54. Ra1 c4 55. Rc1 Kd4 56. Kf4 c3 57. Rd1+ Kc4 58. Kg5 c2 59. Rh1 Kb3
60. Kf6 Rc7 61. Rh3+ Kb4 62. Rh1 c1=Q 63. Rxc1 Rxc1 64. Kg7 Rh1 65. g5 Kc5 0-1

[Event "19. Torneo San Viator"]
[Site "Madrid ESP"]
[Date "2012.09.30"]
[Round "2.9"]
[White "Rosa Ramirez, Victor D"]
[Black "Moreno Zamora, Gregorio"]
[Result "0-1"]
[WhiteElo "1951"]
[BlackElo "1724"]
[PlyCount "76"]
[EventDate "2012.09.23"]
[EventType "swiss"]
[EventRounds "9"]
[EventCountry "ESP"]
[Source "lmi"]
[SourceDate "2012.09.23"]

1. e4 c6 2. d4 d5 3. Nc3 dxe4 4. Nxe4 Nd7 5. Nf3 Ngf6 6. Ng3 e6 7. Bd3 Bd6 8.
O-O O-O 9. Qe2 c5 10. Rd1 Qc7 11. c4 a6 12. b3 cxd4 13. Nxd4 Nc5 14. Bc2 Rd8
15. Bb2 Be7 16. b4 Ncd7 17. Nf3 b6 18. Ne5 Bb7 19. Ng4 Rac8 20. Rd4 Nf8 21.
Rad1 Rxd4 22. Rxd4 Rd8 23. Rxd8 Qxd8 24. Bc3 Nxg4 25. Qxg4 Bf6 26. Bxf6 Qxf6
27. h4 g6 28. h5 Qc3 29. Bb3 Qe1+ 30. Kh2 Qxf2 31. Qh3 Nd7 32. c5 Kg7 33. h6+
Kf8 34. Nh1 Qf4+ 35. Ng3 Nf6 36. Bd1 Ne4 37. cxb6 Nf2 38. Bf3 Bxf3 0-1

[Event "19. Torneo San Viator"]
[Site "Madrid ESP"]
[Date "2012.09.30"]
[Round "2.11"]
[White "Plazuelo Pascual, Juan"]
[Black "Jimenez Elices, Jose Maria"]
[Result "0-1"]
[WhiteElo "1721"]
[BlackElo "1905"]
[PlyCount "100"]
[EventDate "2012.09.23"]
[EventType "swiss"]
[EventRounds "9"]
[EventCountry "ESP"]
[Source "lmi"]
[SourceDate "2012.09.23"]

1. e4 e6 2. d4 d5 3. Nc3 dxe4 4. Nxe4 Nd7 5. Nf3 Ngf6 6. Nxf6+ Nxf6 7. Bd3 c5
8. dxc5 Bxc5 9. O-O O-O 10. Bg5 Be7 11. Qe2 Nd5 12. Bxe7 Qxe7 13. Qe4 Nf6 14.
Qh4 h6 15. Ne5 Re8 16. Rad1 Nd7 17. Qxe7 Rxe7 18. Be4 Rb8 19. Rd6 g6 20. Nxd7
Bxd7 21. Rfd1 Bb5 22. Bd3 Bc6 23. Bc4 Ree8 24. f3 Kf8 25. Kf2 Ke7 26. Ke3 Bd5
27. R6xd5 exd5 28. Rxd5 Kf6+ 29. Kd2 Red8 30. Rxd8 Rxd8+ 31. Ke2 Rd7 32. c3 Ke5
33. Ke3 g5 34. g3 f6 35. Bd3 Rd6 36. f4+ Ke6 37. Ke4 f5+ 38. Ke3 g4 39. Kd2 h5
40. Ke3 Rd7 41. Bc2 h4 42. gxh4 Rh7 43. Kf2 Rxh4 44. Kg3 Rh3+ 45. Kg2 Rf3 46.
Bb3+ Kd6 47. Bc2 Rxf4 48. Kg3 Rf3+ 49. Kg2 Ke5 50. Bd1 Rd3 0-1

[Event "19. Torneo San Viator"]
[Site "Madrid ESP"]
[Date "2012.09.30"]
[Round "2.12"]
[White "Barahona Torrijos, Angel"]
[Black "Soto Martin, Pablo"]
[Result "1-0"]
[WhiteElo "1893"]
[BlackElo "1695"]
[PlyCount "79"]
[EventDate "2012.09.23"]
[EventType "swiss"]
[EventRounds "9"]
[EventCountry "ESP"]
[Source "lmi"]
[SourceDate "2012.09.23"]

1. e4 e5 2. Nf3 Nc6 3. Nc3 Nf6 4. Bb5 Bb4 5. O-O O-O 6. Nd5 Bc5 7. d3 h6 8. Be3
Bb6 9. Nxb6 axb6 10. Bxc6 bxc6 11. Nxe5 Re8 12. Bd4 c5 13. Bc3 b5 14. Ng4 Nh7
15. a3 d6 16. f4 Qh4 17. Ne3 c6 18. Rf3 Ra7 19. Rg3 f6 20. Qf3 g5 21. fxg5 fxg5
22. Nf5 Bxf5 23. Qxf5 Qh5 24. Rh3 Qf7 25. Qxf7+ Rxf7 26. Rxh6 d5 27. Rxc6 dxe4
28. dxe4 Rxe4 29. Rd1 Re2 30. Rd8+ Nf8 31. Rg6+ Kh7 32. Rxg5 Rxc2 33. Rd1 Ne6
34. Rg3 Rff2 35. Rd7+ Kh6 36. Bg7+ Nxg7 37. Rdxg7 Rfd2 38. R3g6+ Kh5 39. g4+
Kh4 40. Rh6# 1-0

[Event "19. Torneo San Viator"]
[Site "Madrid ESP"]
[Date "2012.09.30"]
[Round "2.14"]
[White "Rodriguez Alonso, Marcos"]
[Black "Fernandez Aragoneses, Pedro"]
[Result "1/2-1/2"]
[WhiteElo "1596"]
[BlackElo "1848"]
[PlyCount "51"]
[EventDate "2012.09.23"]
[EventType "swiss"]
[EventRounds "9"]
[EventCountry "ESP"]
[Source "lmi"]
[SourceDate "2012.09.23"]

1. e4 c5 2. Nf3 e6 3. d4 cxd4 4. Nxd4 Nf6 5. Nc3 Nc6 6. Nb3 Bb4 7. Bd3 d5 8.
exd5 Nxd5 9. Bd2 Nxc3 10. bxc3 Bd6 11. c4 b6 12. Bc3 Bb7 13. Qg4 Bb4 14. Bxb4
Nxb4 15. Qxg7 Rf8 16. O-O Qh4 17. Rfe1 O-O-O 18. Qg3 Qh5 19. Re5 f5 20. Be2 Qf7
21. Bf3 Rg8 22. Bxb7+ Qxb7 23. Qh3 Nxc2 24. Rc1 Rd3 25. g3 Rgd8 26. Qh5 1/2-1/2

[Event "19. Torneo San Viator"]
[Site "Madrid ESP"]
[Date "2012.09.30"]
[Round "2.15"]
[White "Pindado Del Carmen, Eliseo"]
[Black "Garcia-Ruiz Fuentes, Angel M"]
[Result "1/2-1/2"]
[WhiteElo "1556"]
[BlackElo "1943"]
[PlyCount "38"]
[EventDate "2012.09.23"]
[EventType "swiss"]
[EventRounds "9"]
[EventCountry "ESP"]
[Source "lmi"]
[SourceDate "2012.09.23"]

1. d4 Nf6 2. Nf3 c5 3. c3 cxd4 4. Nxd4 a6 5. e3 e5 6. Nf3 d5 7. Nxe5 Bd6 8. Nf3
Nc6 9. Be2 Qc7 10. h3 h6 11. Nd4 Ne5 12. Nd2 Bd7 13. N2f3 Ng6 14. Bd3 Ne7 15.
Qc2 Nc6 16. Nf5 Bf8 17. N5d4 Bd6 18. Nf5 Bf8 19. N5d4 Bd6 1/2-1/2

[Event "19. Torneo San Viator"]
[Site "Madrid ESP"]
[Date "2012.09.30"]
[Round "2.16"]
[White "Cortijo Manso, Luis"]
[Black "Sanchez Lopez, Maria"]
[Result "0-1"]
[WhiteElo "1534"]
[BlackElo "1873"]
[PlyCount "82"]
[EventDate "2012.09.23"]
[EventType "swiss"]
[EventRounds "9"]
[EventCountry "ESP"]
[Source "lmi"]
[SourceDate "2012.09.23"]

1. e4 e6 2. d4 d5 3. exd5 exd5 4. Bd3 Bd6 5. Nc3 Ne7 6. Nge2 Nbc6 7. O-O Nb4 8.
Nb5 Nxd3 9. Nxd6+ Qxd6 10. Qxd3 Bf5 11. Qd2 f6 12. c3 g5 13. Qe3 O-O-O 14. Ng3
Bd7 15. f4 h6 16. fxg5 fxg5 17. Qe5 Qxe5 18. dxe5 Nc6 19. Re1 Rde8 20. Be3 Rxe5
21. Bd4 Rxe1+ 22. Rxe1 Nxd4 23. cxd4 Rf8 24. Nf1 Rf4 25. Rd1 Bb5 26. Ne3 c6 27.
g3 Re4 28. Kf2 g4 29. Rd2 Kd7 30. b3 Ba6 31. a3 b6 32. b4 Bc8 33. Nd1 Kd6 34.
Nc3 Re7 35. Ne2 a5 36. Nf4 axb4 37. axb4 Ra7 38. Rb2 Ra1 39. Ng6 Rd1 40. Ke3
Re1+ 41. Kf4 Re4# 0-1

[Event "19. Torneo San Viator"]
[Site "Madrid ESP"]
[Date "2012.09.30"]
[Round "2.17"]
[White "Perez Fajardo, Daniel"]
[Black "Tolosana Esteban, Enrique"]
[Result "1-0"]
[WhiteElo "1580"]
[BlackElo "1799"]
[PlyCount "128"]
[EventDate "2012.09.23"]
[EventType "swiss"]
[EventRounds "9"]
[EventCountry "ESP"]
[Source "lmi"]
[SourceDate "2012.09.23"]

1. d4 Nf6 2. c4 e6 3. Nc3 Bb4 4. a3 Bxc3+ 5. bxc3 b6 6. Nf3 Ba6 7. e3 Nc6 8.
Bd3 Na5 9. O-O Bxc4 10. Re1 d5 11. Bc2 O-O 12. Ne5 Nd7 13. f4 f5 14. Nf3 Qf6
15. Nd2 Qh4 16. Nf3 Qh5 17. Qd2 Nb7 18. Bd1 Qh6 19. Be2 Nd6 20. Bxc4 Nxc4 21.
Qe2 Nf6 22. Ne5 Nxe5 23. fxe5 Ne4 24. c4 c6 25. a4 Qg6 26. Rf1 a6 27. Ba3 Rfd8
28. Rfc1 Qe8 29. Bb4 c5 30. Be1 Qd7 31. Qb2 Rab8 32. Qa3 Qc7 33. Rab1 dxc4 34.
Rxc4 b5 35. axb5 axb5 36. Rxc5 Nxc5 37. Ba5 Qa7 38. dxc5 Ra8 39. Ra1 Rdc8 40.
Qb3 Qa6 41. Qb4 Qc6 42. Rc1 Ra6 43. Qd2 Rca8 44. Bb4 Qe4 45. Bc3 Ra2 46. Bb2
Rc8 47. Qd7 Qc6 48. Qd4 Rca8 49. h3 b4 50. Qxb4 R8a3 51. Rd1 Rxe3 52. Rd6 Qe4
53. Qb8+ Kf7 54. Qc7+ Kg6 55. Rxe6+ Kh5 56. Qf7+ Kh4 57. Qxg7 Qxg2+ 58. Qxg2
Rg3 59. Rh6+ Kg5 60. Qxg3+ Kxh6 61. Qc3 Ra6 62. c6 Ra8 63. c7 Rc8 64. e6 Kg5
1-0

[Event "19. Torneo San Viator"]
[Site "Madrid ESP"]
[Date "2012.09.30"]
[Round "2.18"]
[White "Garcia Otero, Pedro"]
[Black "Mina Mena, Jesus"]
[Result "1/2-1/2"]
[WhiteElo "1733"]
[BlackElo "1777"]
[PlyCount "54"]
[EventDate "2012.09.23"]
[EventType "swiss"]
[EventRounds "9"]
[EventCountry "ESP"]
[Source "lmi"]
[SourceDate "2012.09.23"]

1. d4 Nf6 2. Nf3 g6 3. c4 Bg7 4. Nc3 d6 5. e4 O-O 6. Be2 Nbd7 7. O-O e5 8. d5
Nc5 9. Qc2 a5 10. Be3 Qe7 11. a4 h6 12. h3 Ne8 13. Bxc5 dxc5 14. Rad1 Nd6 15.
Nd2 Bd7 16. Nb5 Bc8 17. Nxd6 cxd6 18. Nb1 f5 19. exf5 gxf5 20. Bh5 Bd7 21. b3
Qg5 22. Qe2 Kh8 23. Rd3 f4 24. Bg4 Be8 25. Nc3 Bg6 26. Ne4 Bxe4 27. Qxe4 Rf6
1/2-1/2

[Event "19. Torneo San Viator"]
[Site "Madrid ESP"]
[Date "2012.09.30"]
[Round "2.21"]
[White "Jimenez Sanchez, Juan Daniel"]
[Black "Perez Perez, Elena"]
[Result "0-1"]
[WhiteElo "1386"]
[BlackElo "1678"]
[PlyCount "50"]
[EventDate "2012.09.23"]
[EventType "swiss"]
[EventRounds "9"]
[EventCountry "ESP"]
[Source "lmi"]
[SourceDate "2012.09.23"]

1. d4 d5 2. Nf3 Nf6 3. c4 dxc4 4. g3 e6 5. Bg2 c5 6. e3 Nc6 7. O-O Bd7 8. Nc3
Be7 9. Ne5 Qc7 10. Nxc4 Rd8 11. Re1 a6 12. Ne5 Nxe5 13. dxe5 Bc6 14. Bxc6+ Qxc6
15. Qa4 Qxa4 16. Nxa4 Nd7 17. f4 b5 18. Nc3 c4 19. Rd1 O-O 20. a3 Nc5 21. Rxd8
Rxd8 22. Rb1 Nb3 23. Kf2 Rd3 24. Kf3 b4 25. Ne4 Rd1 0-1

[Event "19. Torneo San Viator"]
[Site "Madrid ESP"]
[Date "2012.09.30"]
[Round "2.22"]
[White "Cabeza Hernandez, Guillermo"]
[Black "Pindado Campos, Raul"]
[Result "0-1"]
[WhiteElo "1546"]
[BlackElo "1928"]
[PlyCount "70"]
[EventDate "2012.09.23"]
[EventType "swiss"]
[EventRounds "9"]
[EventCountry "ESP"]
[Source "lmi"]
[SourceDate "2012.09.23"]

1. c4 c5 2. g3 Nf6 3. Bg2 g5 4. Nc3 Bg7 5. Nf3 O-O 6. a3 Nc6 7. Rb1 d6 8. O-O
Bf5 9. d3 Qd7 10. Re1 Ng4 11. e4 Be6 12. Nxg5 Bd4 13. Be3 Nxe3 14. fxe3 Bg4 15.
Qd2 Bg7 16. Rf1 Bh6 17. Nf3 Bxf3 18. Rxf3 a6 19. Qf2 Ne5 20. d4 Nxf3+ 21. Qxf3
Rab8 22. Nd5 Bg7 23. dxc5 dxc5 24. Rd1 Qe6 25. b3 Bb2 26. a4 Be5 27. h4 Kh8 28.
Kf2 f5 29. Ke2 b5 30. Bh3 Qf7 31. Rf1 e6 32. Nf4 bxc4 33. bxc4 Rb2+ 34. Kd1
Bxf4 35. exf4 Qd7+ 0-1

[Event "19. Torneo San Viator"]
[Site "Madrid ESP"]
[Date "2012.09.30"]
[Round "2.23"]
[White "Soto Martin, Miguel"]
[Black "Sierra Bermejo, Gregorio"]
[Result "0-1"]
[WhiteElo "1493"]
[BlackElo "1664"]
[PlyCount "120"]
[EventDate "2012.09.23"]
[EventType "swiss"]
[EventRounds "9"]
[EventCountry "ESP"]
[Source "lmi"]
[SourceDate "2012.09.23"]

1. d4 e6 2. Nf3 Nf6 3. c4 d5 4. e3 Nbd7 5. Nbd2 c5 6. cxd5 Nxd5 7. a3 a6 8. Qc2
b5 9. b3 Bb7 10. Bb2 Rc8 11. e4 Nf4 12. Rc1 cxd4 13. Qb1 e5 14. g3 Ng6 15. Rxc8
Qxc8 16. Bg2 Bd6 17. O-O O-O 18. Qc1 Qxc1 19. Rxc1 Nf6 20. Ne1 Rc8 21. Nd3
Rxc1+ 22. Bxc1 Nd7 23. Nb4 Nb6 24. Nd5 Nxd5 25. exd5 Ne7 26. Ne4 Nc8 27. Nxd6
Nxd6 28. f4 e4 29. Kf2 Bxd5 30. b4 Nc4 31. Ke2 d3+ 32. Kd1 f5 33. Ke1 d2+ 34.
Bxd2 Nxd2 35. Kxd2 e3+ 36. Kxe3 Bxg2 37. Kd4 Kf7 38. Kc5 Ke6 39. Kb6 Kd5 40.
Kxa6 Bf1 41. Ka5 Ke4 42. a4 bxa4 43. Kxa4 Kf3 44. b5 Bxb5+ 45. Kxb5 Kg2 46. Kc5
Kxh2 47. Kd4 Kxg3 48. Ke3 h5 49. Ke2 Kg2 50. Ke3 h4 51. Kd4 Kf3 52. Ke5 Kg4 53.
Kd4 Kxf4 54. Kd3 Kf3 55. Kd2 Kf2 56. Kd3 h3 57. Kd4 f4 58. Ke4 f3 59. Kf5 h2
60. Kg6 h1=Q 0-1

[Event "19. Torneo San Viator"]
[Site "Madrid ESP"]
[Date "2012.09.30"]
[Round "2.24"]
[White "Castro Uceda, Jose Antonio"]
[Black "Herreros Ruiz, Jorge Alejandro"]
[Result "1-0"]
[WhiteElo "1657"]
[BlackElo "1478"]
[PlyCount "71"]
[EventDate "2012.09.23"]
[EventType "swiss"]
[EventRounds "9"]
[EventCountry "ESP"]
[Source "lmi"]
[SourceDate "2012.09.23"]

1. d4 d5 2. c4 e6 3. e3 Nf6 4. Nc3 Bb4 5. Bd3 dxc4 6. Bxc4 Nbd7 7. Nf3 b6 8.
O-O Bxc3 9. bxc3 Bb7 10. Bd3 O-O 11. Re1 Ne4 12. Qc2 Ndf6 13. Nd2 Qd5 14. Nxe4
Nxe4 15. Bxe4 Qxe4 16. Qxe4 Bxe4 17. f3 Bb7 18. e4 Rac8 19. c4 c5 20. d5 exd5
21. exd5 Rfe8 22. Bf4 f6 23. d6 Bc6 24. Rad1 Bd7 25. Re7 Rcd8 26. Rde1 Kf8 27.
g4 h6 28. Kf2 a6 29. Kg3 a5 30. h4 Bc6 31. g5 fxg5 32. hxg5 hxg5 33. Bxg5 Rxd6
34. Rxe8+ Bxe8 35. Be7+ Kf7 36. Bxd6 1-0

[Event "19. Torneo San Viator"]
[Site "Madrid ESP"]
[Date "2012.09.30"]
[Round "2.25"]
[White "Savchuk, Olga"]
[Black "Rodriguez Sebastian, Roberto"]
[Result "1/2-1/2"]
[WhiteElo "1464"]
[BlackElo "1650"]
[PlyCount "44"]
[EventDate "2012.09.23"]
[EventType "swiss"]
[EventRounds "9"]
[EventCountry "ESP"]
[Source "lmi"]
[SourceDate "2012.09.23"]

1. e4 d6 2. d4 Nf6 3. Nc3 g6 4. Nf3 Bg7 5. Bc4 O-O 6. O-O Bg4 7. h3 Bxf3 8.
Qxf3 Nc6 9. Be3 e5 10. Ne2 Nd7 11. c3 Nb6 12. Bb5 exd4 13. cxd4 Nb4 14. Rfc1 a6
15. Bc4 Nxc4 16. Rxc4 Nc6 17. Rd1 Qe7 18. Nf4 Rac8 19. Nd5 Qe6 20. Rcc1 Rfe8
21. Nc3 Qe7 22. a3 a5 1/2-1/2

[Event "19. Torneo San Viator"]
[Site "Madrid ESP"]
[Date "2012.09.30"]
[Round "2.26"]
[White "Moreno Sanchez, Guillermo"]
[Black "Martin Rodriguez, Jose L"]
[Result "0-1"]
[WhiteElo "1635"]
[BlackElo "1431"]
[PlyCount "170"]
[EventDate "2012.09.23"]
[EventType "swiss"]
[EventRounds "9"]
[EventCountry "ESP"]
[Source "lmi"]
[SourceDate "2012.09.23"]

1. d4 Nf6 2. c4 e6 3. Nc3 Bb4 4. Qc2 O-O 5. Bg5 d5 6. e3 Nbd7 7. Nf3 c6 8. Bd3
Be7 9. O-O dxc4 10. Bxc4 Nd5 11. Bxe7 Qxe7 12. a3 N7f6 13. Bd3 h6 14. Ne2 Qc7
15. h3 Bd7 16. Rac1 Rac8 17. e4 Nf4 18. Nxf4 Qxf4 19. Ne5 h5 20. g3 Qg5 21. h4
Qh6 22. Qe2 Rcd8 23. f3 Bc8 24. Qf2 Nd7 25. Nc4 Nf6 26. e5 Nd5 27. Rce1 f5 28.
exf6 gxf6 29. Bb1 Kh8 30. Kh2 Rg8 31. Rg1 Rdf8 32. Nd6 f5 33. Ba2 f4 34. Ne4
fxg3+ 35. Nxg3 Qf4 36. Re5 Qxh4+ 37. Kg2 Nf4+ 38. Kf1 Rxg3 39. Rxg3 Nd3 40. Qg2
Nxe5 41. dxe5 Qf4 42. Rh3 Qc1+ 43. Kf2 Qd2+ 44. Kg1 Qxg2+ 45. Kxg2 Rf5 46. Kg3
Rxe5 47. Rh2 Kg7 48. Bb1 Kf6 49. Be4 Rg5+ 50. Kf4 Rg7 51. Rxh5 Rg2 52. Rh8 Bd7
53. Rd8 Ke7 54. Rh8 Rxb2 55. Rh7+ Kd6 56. Kg5 Rb3 57. Kf6 Rxa3 58. Rh2 Ra1 59.
Rd2+ Kc7 60. Ke7 Bc8 61. Rd3 Rc1 62. Bg6 Rc5 63. Bf7 Rd5 64. Re3 Rd7+ 65. Kf6
Rxf7+ 66. Kxf7 Kd6 67. f4 c5 68. Rd3+ Kc6 69. Rd8 Kc7 70. Ke7 c4 71. Rd4 b5 72.
Rd1 c3 73. Rc1 b4 74. Kf6 Kc6 75. Ke5 Kc5 76. Ke4 Kc4 77. Ke3 Bb7 78. Ke2 Bc6
79. Ra1 Kb3 80. Kd1 Be4 81. Rxa7 Kb2 82. Rc7 c2+ 83. Kd2 b3 84. Rc3 Ka2 85. Rc4
b2 0-1

[Event "19. Torneo San Viator"]
[Site "Madrid ESP"]
[Date "2012.09.30"]
[Round "2.27"]
[White "Garcia Laborda, Pedro"]
[Black "Morona Minguez, Miguel"]
[Result "0-1"]
[WhiteElo "1388"]
[BlackElo "1631"]
[PlyCount "76"]
[EventDate "2012.09.23"]
[EventType "swiss"]
[EventRounds "9"]
[EventCountry "ESP"]
[Source "lmi"]
[SourceDate "2012.09.23"]

1. d4 d5 2. Bf4 Nc6 3. Nf3 e6 4. Nbd2 Bd6 5. Ne5 Nxd4 6. Ndf3 Nxf3+ 7. exf3 g5
8. Bg3 f5 9. f4 Bxe5 10. fxe5 f4 11. Qh5+ Kd7 12. Qf7+ Qe7 13. Qh5 fxg3 14.
hxg3 Qb4+ 15. c3 Qxb2 16. Rd1 Qxc3+ 17. Rd2 Qxe5+ 18. Be2 Ne7 19. f4 Qa1+ 20.
Rd1 Qc3+ 21. Rd2 Qxg3+ 22. Kf1 Qxf4+ 23. Ke1 Ng6 24. Rf1 Qh4+ 25. Qxh4 Nxh4 26.
Rf7+ Kd6 27. Bc4 Nxg2+ 28. Rxg2 dxc4 29. Rd2+ Kc6 30. Rc2 b5 31. a4 a6 32. Rf6
h5 33. axb5+ axb5 34. Kd2 g4 35. Kc3 g3 36. Rg2 h4 37. Rf1 h3 38. Rxg3 Ra3+ 0-1

[Event "19. Torneo San Viator"]
[Site "Madrid ESP"]
[Date "2012.09.30"]
[Round "2.28"]
[White "Rendo Quiros, Pedro"]
[Black "Jimenez Perez, Federico"]
[Result "1-0"]
[WhiteElo "1630"]
[BlackElo "1280"]
[PlyCount "46"]
[EventDate "2012.09.23"]
[EventType "swiss"]
[EventRounds "9"]
[EventCountry "ESP"]
[Source "lmi"]
[SourceDate "2012.09.23"]

1. e4 c5 2. Nf3 d6 3. d4 cxd4 4. Nxd4 Nc6 5. Be3 a6 6. Nc3 Nf6 7. f3 e5 8. Nxc6
bxc6 9. Qd2 Be7 10. O-O-O O-O 11. g4 Be6 12. h4 Qd7 13. h5 h6 14. g5 Nh7 15.
gxh6 gxh6 16. Bxh6 Kh8 17. Kb1 Rg8 18. f4 Bg4 19. Be2 exf4 20. Bxf4 Bxe2 21.
Nxe2 Rab8 22. Bxd6 Rb5 23. Be5+ Nf6 1-0

[Event "19. Torneo San Viator"]
[Site "Madrid ESP"]
[Date "2012.09.30"]
[Round "2.30"]
[White "Lianes Garcia, Marcos"]
[Black "Del Noval Nemeshazi, Nesztor"]
[Result "1-0"]
[WhiteElo "1627"]
[BlackElo "1499"]
[PlyCount "49"]
[EventDate "2012.09.23"]
[EventType "swiss"]
[EventRounds "9"]
[EventCountry "ESP"]
[Source "lmi"]
[SourceDate "2012.09.23"]

1. d4 Nf6 2. c4 g6 3. Nc3 Bg7 4. e4 d6 5. Nf3 O-O 6. Be2 Re8 7. O-O e5 8. dxe5
dxe5 9. Qxd8 Rxd8 10. Bg5 Re8 11. Rad1 a6 12. Rd2 Nc6 13. h3 b6 14. Rfd1 Bb7
15. Bxf6 Bxf6 16. Rd7 Rac8 17. Nd5 Bd8 18. Nxb6 cxb6 19. Rxb7 Rb8 20. Rxb8 Nxb8
21. Kf1 b5 22. cxb5 axb5 23. Bxb5 Rf8 24. Nxe5 Bf6 25. Nc4 1-0

[Event "19. Torneo San Viator"]
[Site "Madrid ESP"]
[Date "2012.10.07"]
[Round "3.1"]
[White "Morona Minguez, Irene"]
[Black "Bote Alvarez-Carrasco, Valentin"]
[Result "0-1"]
[WhiteElo "1952"]
[BlackElo "2130"]
[PlyCount "122"]
[EventDate "2012.09.23"]
[EventType "swiss"]
[EventRounds "9"]
[EventCountry "ESP"]
[Source "lmi"]
[SourceDate "2012.09.23"]

1. e4 c6 2. d4 d5 3. exd5 cxd5 4. c4 Nf6 5. Nc3 g6 6. Qb3 Bg7 7. cxd5 O-O 8.
Be2 Na6 9. Bg5 Qb6 10. Qxb6 axb6 11. Bf3 Nb4 12. Rd1 Rd8 13. Bxf6 Bxf6 14. Nge2
Bf5 15. g4 Bd3 16. a3 Nc2+ 17. Kf1 Bxe2+ 18. Nxe2 Ra4 19. Rd3 Rc8 20. Kg2 Nxd4
21. Nxd4 Rxd4 22. Rb3 Rd2 23. Rxb6 Rcc2 24. Rf1 Bxb2 25. Rxb7 Bxa3 26. Rbb1 Bc5
27. Rbd1 Rxf2+ 28. Rxf2 Rxf2+ 29. Kg3 Rc2 30. Bg2 Bd6+ 31. Kf3 Bxh2 32. Rd3 Bd6
33. Re3 Kg7 34. Bh1 Kf6 35. Ke4 Kg5 36. Bf3 Rb2 37. Rd3 Bc5 38. Ke5 Rf2 39. Ke4
Ra2 40. Rc3 Ra4+ 41. Kd3 Rd4+ 42. Ke2 Bb4 43. Rb3 Kf4 44. Kf1 f5 45. gxf5 Kxf5
46. Kf2 g5 47. Kg3 g4 48. Bg2 Kg5 49. Re3 Bd6+ 50. Kf2 Kf4 51. Re6 h5 52. Rh6
Kg5 53. Rh8 Rd2+ 54. Kf1 Bc5 55. Be4 Rf2+ 56. Ke1 Rf4 57. Rg8+ Kh4 58. Bg6 g3
59. Be8 Kh3 60. Bd7+ Kh2 61. Rh8 h4 0-1